000 01145cam a2200229 4500
001 WB4007-13
008 040217n2004 000 0 eng u
035 _a(Sirsi) u125168
245 _aFirms have excess of space
260 _c2004
490 _aEstates Gazette
_v(0407) 14 February 2004, 28(1)
520 _aThe "Corporate occupiers report 2003" by FraserCRE reveals that 62% of firms have excess space and wish to dispose of it. The ruling in the "Homebase Ltd and another v Allied Dunbar Assurance plc" ([2002] EWCA Civil 666, Abs65740) had also affected one in five businesses' plans to sublet. The court had ruled in favour of Allied Dunbar, stating that a tenant could not sublet at below the original passing rate without the landlord's consent. The report is available to download at http://www.frasercre.com/PublicationText/28.
590 _aWB
590 _aWB
650 _aBUSINESSES
650 _aSUBLETTING
650 _aHOMEBASE LTD AND ANOTHER V ALLIED DUNBAR ASSURANCE PLC
650 _aPROPERTY PORTFOLIOS
650 _aLEASEHOLD PROPERTIES
690 _aLANDLORD AND TENANT-BUSINESS TENANCIES
942 _n0
999 _c117029
_d117029